Estatísticas para Maiores Cidades de Pernambuco

Clique aqui para jogar o quiz

Estatísticas Gerais

  • Esse quiz foi jogado 1 162 vezes
  • A pontuação média é 12 de 25

Respostas no mapa

Respostas codificadas por cores de uma escala verde-vermelha no mapa do quiz de acordo com a % correta abaixo.
 

Estatísticas das Respostas

PopulaçãoCidade% Correto
1.653.460Recife
100%
385.370Olinda
85%
324.310Caruaru
80%
264.220Petrolina
80%
691.490Jaboatão dos Guararapes
79%
334.380Paulista
56%
125.310Garanhuns
53%
189.470Cabo de Santo Agostinho
47%
75.760Gravatá
45%
67.220Serra Talhada
44%
121.810Vitória de Santo Antão
42%
92.050Abreu e Lima
41%
158.900Camaragibe
41%
72.330Ipojuca
41%
68.160Arcoverde
39%
61.410Goiana
38%
108.980Igarassu
37%
107.300São Lourenço da Mata
33%
51.620Bezerros
31%
107.400Santa Cruz do Capibaribe
31%
81.240Carpina
30%
56.040Moreno
29%
51.500Araripina
28%
61.650Belo Jardim
27%
58.870Escada
25%

Distribuição das Pontuações

Percentil de Números Respondidos

Porcentagem de Pessoas com Cada Pontuação

Sua Pontuação Histórica

Você não jogou esse quiz